| 000 | 00666nam a2200193 i 4500 | ||
|---|---|---|---|
| 001 | 171345 | ||
| 003 | ES-MaACL | ||
| 005 | 20251011063153.0 | ||
| 008 | 090512s1970 sp |||| | spa d | ||
| 100 | 1 |
_aAldama, José Antonio de, _d1903-1980 _919598 |
|
| 245 | 1 | 0 |
_aMaría en la patrística de los siglos I y II / _cpor José Antonio de Aldama. |
| 260 |
_aMadrid : _b[La Editorial Católica], _c1970. |
||
| 300 |
_aXV, 380 p., 1 h. ; _c20 cm. |
||
| 490 | 1 |
_aBiblioteca de autores cristianos ; _v300 |
|
| 650 | 0 | 4 |
_aMariología. _914794 |
| 830 | 0 | 0 |
_aBiblioteca de autores cristianos _v300 _9178679 |
| 852 |
_aES-MaACL _jJ-294 |
||
| 999 |
_c171345 _d171345 |
||